| 000 | 00625 a2200181 4500 | ||
|---|---|---|---|
| 999 |
_c5132 _d5132 |
||
| 010 | _aENG-86747 | ||
| 020 |
_c60.00 _a8179661830 |
||
| 035 | _aEN-70280 | ||
| 037 | _bDBAD / PUB | ||
| 082 | 1 | 4 | _a153.122 |
| 100 | _aFogler, Janet | ||
| 245 | 1 |
_aImproving your memory : _cby Janet Fogler [and] Lynn Stern _bhow to remember what you're starting to forget / |
|
| 260 |
_aChennai _bEmerald Publishers _c2005 |
||
| 270 |
_a15A, 1st Floor, Casa Major Road, Egmore, _bChennai _e600 008 _minfo@emeraldpublisers.com |
||
| 300 |
_avii, 134p _c22cm (pbk) |
||
| 700 | _aStern, Lynn | ||
| 942 |
_adpl _cEN _2ddc _h153.122 _mFOG |
||